Statistics for Movies that Start with L

Click here to take the quiz!

General Stats

  • This quiz has been taken 36,403 times
    (9,536 since last reset)
  • The average score is 12 of 19

Answer Stats

DescriptionMovie% Correct
Young lion must defeat his scheming uncle to become king of the PridelandsLion King, the
100%
A mermaid lives under the sea but longs to be human and date a princeLittle Mermaid, the
92%
Noodle-slurping dogs fall in love even though they come from different social classesLady and the Tramp
82%
Shipwreck survivor must share a boat with a tigerLife of Pi
77%
Shipwrecked boys form a government based on a conch shell,
but eventually descend into barbarity
Lord of the Flies
70%
Harvard law student is a brilliant legal mind despite acting like a total ditzLegally Blonde
70%
Everyone finds love at Christmastime, even the Prime MinisterLove Actually
70%
Everything is awesome for these blocky toys until they are threatened with Krazy GlueLego Movie, the
70%
Hilarity ensues as a lying lawyer is no longer able to lieLiar Liar
67%
Girl must travel through a maze to rescue her brother from the Goblin KingLabyrinth
55%
Seussian creature speaks for the treesLorax, the
55%
Flower shop employee raises a vicious plant that feeds on human bloodLittle Shop of Horrors
54%
Old black cop and unstable white cop must take down a Los Angeles drug ringLethal Weapon
51%
British officer recruits desert dwellers to fight against the Ottomans in WWILawrence of Arabia
50%
Ohana means befriending a genetically engineered space alienLilo & Stitch
49%
Buxom archeologist must destroy a powerful artifact before Illuminati
get their hands on it
Lara Croft: Tomb
Raider
46%
Scottish doctor becomes the personal physician of a brutal African dictatorLast King of
Scotland, the
45%
Jewish man from Italy concocts an elaborate lie to protect his son from
the horrors of a concentration camp
Life is Beautiful
37%
All the good people are suddenly raptured, and the sinners left on Earth
must deal with the consequences
Left Behind
24%

Score Distribution

Percentile by Number Answered

Percent of People with Each Score

Your Score History

You have not taken this quiz since the last reset